MARC

LEADER 00000nam a22000007a 4500
005 20191025232115.0
007 cr|||| ||||
008 191025c20119999pe fr|w s|||| 0|||b1spa d
022 |a 2313-1861 
035 |a 30284 
040 |a vLex 
090 |c 9978  |d 9978 
245 0 0 |a Revista LEX  |h [Recurso electrn̤ico] / 
256 |a Servicio en ln̕ea 
260 |a Lima:  |b Facultad de Derecho y Ciencia Polt̕ica de la Universidad Alas Peruanas,  |c 2011 - 
300 |a 1 recurso electrn̤ico 
310 |a Semestral 
506 1 |a Disponible solo en los productos indicados  |d vLex Global  |d vLex Global (Academic Edition, excluding Law Schools)  |d vLex Global (U.S. Academic Edition, Law Schools)  |d vLex Global (U.S. Academic Edition, excluding Law Schools)  |d vLex Global (Academic Edition, Law Schools) 
650 0 4 |a Derecho Internacional  |z Per︢ 
650 0 4 |a Derecho Constitucional  |z Per︢ 
650 0 4 |a Derecho Civil  |z Per︢ 
650 0 4 |a Derecho Penal  |z Per︢ 
650 0 4 |a Derecho del Medio Ambiente  |z Per︢ 
650 0 4 |a Derecho Mercantil y de la Empresa  |z Per︢ 
740 0 |a vLex Revistas (Servicio en ln̕ea) 
856 4 0 |u http://vlex.com/source/revista-lex-30284  |z Acceso restringido 
942 |c REV 
999 0 |a International Law 
999 0 |a Constitutional Law 
999 0 |a Civil Law 
999 0 |a Criminal Law 
999 0 |a Environmental Law 
999 0 |a Commercial and Business Law